| 000 | 00472nam a2200157 i 4500 | ||
|---|---|---|---|
| 001 | 80515 | ||
| 003 | ES-MaACL | ||
| 005 | 20230906174231.0 | ||
| 007 | t| | ||
| 008 | 041028s1964 ag ||||1| spa d | ||
| 245 | 0 | 0 | _aHomenaje al profesor Claudio Sánchez-Albornoz. |
| 260 |
_aBuenos Aires : _bUniversidad, Facultad de Filosofía y Letras, _c1964. |
||
| 300 |
_a308 p., 2 lám. ; _c28 cm. |
||
| 852 |
_aES-MaACL _jC-26840 _bR.56098 |
||
| 852 |
_aES-MaACL _jG-5116 _bR.70067 |
||
| 999 |
_c80515 _d80515 |
||